000 00288nam a2200121 i 4500
001 bg
245 0 _aNowe cementy :
_bpraca zbior. /
_cpod red. A. A. Paszczenki.
260 _aWarszawa,
_c1984.
040 _cBPK
041 _apol
942 _cKS
008 s pl f |000 0 pol
999 _c2499
_d2499
856 _uhttp://koha.tu.koszalin.pl/cgi-bin/koha/opac-detail.pl?biblionumber=2499
_yKatalog online BPK